00343nam a2200145Ia 4500008004100000084001400041100001900055245003000074250002000104260000900124260000900133260001100142300000900153500003500162180424s9999 xx 000 0 und d aT21 R21:1 a"Ragunathan, " 0aBharati Kaalamum Karuthum a\\198600TAMGPSX aNCBH b1986 cMadras a551p aincludes index and biblioraphy